00695cam a22002171 4500001001300000003000400013005001700017008004100034010001700075035002000092040004300112042001200155050001800167100003700185245002500222260002700247300001900274440002500293500014400318999001500462af 48003784 DLC20260227110904.0920923s1944 it 000 0 ita c aaf 48003784  a(OCoLC)26658056 aCalifornia. Univ. LibrarycCUdCUdDLC apremarc00aPQ4683.A9bS61 aAzeglio, Massimo d',d1798-1866.13aIl sor Checco Tozzi. aMilano,bJandic[1944] a117 p.c19 cm. 0aItaliani e stranieri aFirst published in Cronista (Turin, 1856-1857) as a series of articles with general title: Racconti, leggende, ricordi della vita italiana. c5775d5775